| 000 | 00680nam a2200241Ia 4500 | ||
|---|---|---|---|
| 003 | OSt | ||
| 005 | 20220924114859.0 | ||
| 006 | a|||||r|||| 00| 0 | ||
| 007 | ta | ||
| 008 | 220923b |||||||| |||| 00| 0 ara d | ||
| 024 | _a337256 | ||
| 037 | _cTextual | ||
| 040 |
_aARTS _cARTS _bara |
||
| 041 |
_2ara _aara |
||
| 082 | _aO28,1D714,1, J7.1-.2 | ||
| 100 |
_aAashoor Muhammad Tahir Au. _9175873 |
||
| 245 | 0 | _aDiwan Bashar ibn Burd | |
| 260 |
_aCairo _bMatba'at jina Egypt _c1957 |
||
| 300 |
_a230p. _ccm. |
||
| 650 | _aARABIC POETRY | ||
| 942 |
_hO28,1D714,1, J7.1-.2 _cTEXL _2CC |
||
| 999 |
_c395775 _d395775 |
||